| 000 | 00523nam a22001817a 4500 | ||
|---|---|---|---|
| 005 | 20251108165453.0 | ||
| 008 | 250721s2002 xx 000 0 ara d | ||
| 082 | 1 | 4 | _a523.1/سني |
| 100 | 1 | _aأبو سنينه، أشرف | |
| 245 | 1 | 0 |
_aموسوعة عالم الكون : _bالفضاء / |
| 264 | 1 |
_aعمان : _bدار أسامة للنشر و التوزيع، _c2002. |
|
| 300 | _a256ص | ||
| 650 | 1 | 7 | _aالفضاء |
| 650 | 1 | 7 | _aالكون |
| 650 | 1 | 7 | _aالموسوعات |
| 942 |
_2ddc _cBK |
||
| 999 |
_c28710 _d28710 |
||